Nature across cultures : views of nature and the environment in non-western cultures

Αποθηκεύτηκε σε:
Λεπτομέρειες βιβλιογραφικής εγγραφής
Άλλοι συγγραφείς: Selin, Helaine 1946- (Επιμελητής έκδοσης), Kalland, Arne
Μορφή: Βιβλίο
Γλώσσα:English
Δημοσίευση: Dordrecht : Kluwer Academic Publishers, 2003
Σειρά:Science across cultures ; ; 4
Θέματα:
Ετικέτες: Προσθήκη ετικέτας
Δεν υπάρχουν, Καταχωρήστε ετικέτα πρώτοι!

MARC

LEADER 00000nam a2200000 i 4500
001 1/82856
008 080416s2003 eng d
020 |a 1-4020-1235-7 
035 |l 10096774 
040 |a GR-MY-UA  |b gre  |e aacr 
041 0 |a eng 
082 0 |a 304.2  |2 (22) 
245 1 0 |a Nature across cultures :  |b views of nature and the environment in non-western cultures /  |c edited by Helaine Selin, Arne Kalland 
260 |a Dordrecht :   |b Kluwer Academic Publishers,   |c 2003 
300 |a xxiii, 481 σ.;  |c 24 εκ. 
490 1 |a Science across cultures  |v ; 4 
504 |a Περιέχει βιβλιογραφικές αναφορές 
504 |a Ευρετήριο: σ. 457-481 
650 0 0 |a Human ecology  |z Cross-cultural studies. 
650 0 0 |a Philosophy of nature  |x Cross-cultural studies. 
650 0 0 |a Indigenous peoples. 
650 0 0 |a Nature  |x Effect of human beings on. 
650 0 0 |a Environmental protection. 
700 1 |a Selin, Helaine  |d 1946-  |4 edt 
700 1 |a Kalland, Arne. 
830 0 |a Science across cultures ;  |v ; 4 
852 |a INST  |b LESVOS  |e 20080416  |h 304.2 NAT  |p 005100042473  |q 005100042473  |t BK  |y 0 
901 |a BIBL1-2008-1 
909 |a Λ  |b 144141 
922 |a 1ΕΛΗ  |b 200801  |c ΕΠΕΑΕΚ2/ΤΠ  |d ΠΑΠΑΣΩΤΗΡΙΟΥ 
970 |a ΧΑΤΖΗΜΙΧΑΗΛ  |b ΜΑΡΙΑ  |z 2008/04/16